Religion and Violence : Muslim and Christian Theological and Pedagogical Reflections (Record no. 23529)
[ view plain ]
| 000 -LEADER | |
|---|---|
| fixed length control field | 01879cam a22003015i 4500 |
| 020 ## - INTERNATIONAL STANDARD BOOK NUMBER | |
| ISBN | 9783658183028 |
| 082 04 - DEWEY DECIMAL CLASSIFICATION NUMBER | |
| Classification number | 306.6 |
| 245 00 - TITLE STATEMENT | |
| Title | Religion and Violence : Muslim and Christian Theological and Pedagogical Reflections |
| 250 ## - EDITION STATEMENT | |
| Edition statement | 1st ed. 2017. |
| 260 ## - PUBLICATION, DISTRIBUTION, ETC. (IMPRINT) | |
| Place of publication | Germany, |
| Name of publisher | Springer VS, Wiesbaden |
| Year of publication | 2017 |
| 300 ## - PHYSICAL DESCRIPTION | |
| Number of Pages | 1 online resource (IX, 265 pages 3 illustrations) |
| 490 1# - SERIES STATEMENT | |
| Series statement | Wiener Beiträge zur Islamforschung, |
| 505 0# - FORMATTED CONTENTS NOTE | |
| Formatted contents note | Religion and Violence -- Islam and Violence -- Religious Education and the Challenge of Violence. |
| 520 ## - SUMMARY, ETC. | |
| Summary, etc | In this volume, the authors attempt to speak freely about the potential in religions both for violence and peace. I am confident that many impulses from this work will also impact the direction of churches and other religious communities, such that religions, all together, will try to mobilize the members of their communities to actively contribute to world peace. In this way, religions will be perceived as part of the solution for world peace, enabling them to move beyond the stigma of their damaged reputations. Content Religion and Violence - Islam and Violence - Religious Education and the Challenge of Violence The Editors Ednan Aslan is the Chair of Islamic Theological studies at the University of Vienna where he is a Professor for Islamic Education. Marcia Hermansen is Director of Islamic World Studies at Loyola University Chicago where she is a Professor in the Theology Department. ></div>. |
| 650 #0 - SUBJECT ADDED ENTRY--TOPICAL TERM | |
| Topical Term | Crime. |
| 650 #0 - SUBJECT ADDED ENTRY--TOPICAL TERM | |
| Topical Term | Culture. |
| 650 #0 - SUBJECT ADDED ENTRY--TOPICAL TERM | |
| Topical Term | Emigration and immigration. |
| 650 #0 - SUBJECT ADDED ENTRY--TOPICAL TERM | |
| Topical Term | Religion and sociology. |
| 650 #0 - SUBJECT ADDED ENTRY--TOPICAL TERM | |
| Topical Term | Violence. |
| 650 14 - SUBJECT ADDED ENTRY--TOPICAL TERM | |
| Topical Term | Sociology of Religion. |
| 650 24 - SUBJECT ADDED ENTRY--TOPICAL TERM | |
| Topical Term | Migration. |
| 650 24 - SUBJECT ADDED ENTRY--TOPICAL TERM | |
| Topical Term | Religion and Society. |
| 650 24 - SUBJECT ADDED ENTRY--TOPICAL TERM | |
| Topical Term | Sociology of Culture. |
| 650 24 - SUBJECT ADDED ENTRY--TOPICAL TERM | |
| Topical Term | Violence and Crime. |
| 942 ## - ADDED ENTRY ELEMENTS (KOHA) | |
| Koha item type | Books |
| 700 1# - | |
| -- | Aslan, Ednan. |
| 700 1# - | |
| -- | Hermansen, Marcia K., |
| Home library | Current library | Shelving location | Date acquired | Source of acquisition | Cost, normal purchase price | Full call number | Accession Number | Koha item type |
|---|---|---|---|---|---|---|---|---|
| Henry Martyn Institute Library | Henry Martyn Institute Library | General stacks | 05/21/2025 | Kohinoor Book Distributor | 7002.00 | 306.6 | 25983 | Books |
